Stolice bez liter W,A,R,S,Z,A,W,A - Statystyki

Ogólne statystyki
  • Ten quiz został rozwiązany 174 razy
    10 od ostatniego zresetowania
  • Średni wynik to 4 z 12
Statystyki odpowiedzi
Warsz % Poprawnych
Londyn
90%
Pekin
70%
Tokio
60%
Dublin
50%
Montevideo
40%
Dżibuti
30%
Quito
30%
Dili
20%
Lomé
20%
Phnom Penh
20%
Thimphu
10%
Bloemfontein
0%
Nie znaleziono quizów pasujących do podanych kryteriów
Rozkład punktacji
Procent ludzi z każdym wynikiem
Percentyl według liczby udzielonych odpowiedzi
Twoja historia wyników
Nie rozwiązałeś tego quizu od ostatniego zresetowania